La obligación de saneamiento en las XXVI Jornadas Nacionales de Derecho Civil (Registro nro. 31743)
[ vista simple ]
| 000 -LEADER | |
|---|---|
| fixed length control field | 00405 a2200121 4500 |
| 001 - CONTROL NUMBER | |
| control field | ART_46447 |
| 005 - DATE AND TIME OF LATEST TRANSACTION | |
| control field | 20260410162006.0 |
| 008 - FIXED-LENGTH DATA ELEMENTS--GENERAL INFORMATION | |
| fixed length control field | 260409a |
| 100 1# - MAIN ENTRY--PERSONAL NAME | |
| Personal name | Arias Cáu, Esteban J. |
| 245 10 - TITLE STATEMENT | |
| Title | La obligación de saneamiento en las XXVI Jornadas Nacionales de Derecho Civil |
| 700 1# - ADDED ENTRY--PERSONAL NAME | |
| Personal name | Nieto, Matías L. |
| 773 0# - HOST ITEM ENTRY | |
| Title | Temas de derecho civil |
| Related parts | - Año 4, N° 3 (mar. 2018) |
| Record control number | REV34778 |
No hay ítems disponibles.